Statistics for Sydney Train Stations

Click here to take the quiz!

General Stats

  • This quiz has been taken 725 times
    (721 since last reset)
  • The average score is 64 of 177

Answer Stats

Train Line Station % Correct
T1 (North Shore, Northern & Western Line), T2 (Airport, Inner West & South Line), T3 (Bankstown Line), T4 (Eastern Suburbs & Illawarra Line)Central
94%
T2 (Airport, Inner West & South Line), T1 (North Shore, Northern & Western Line), T3 (Bankstown Line), T4 (Eastern Suburbs & Illawarra Line)Town Hall
85%
T1 (North Shore, Northern & Western Line), T2 (Airport, Inner West & South Line), T3 (Bankstown Line), T4 (Eastern Suburbs & Illawarra Line)Redfern
82%
T1 (North Shore, Northern & Western Line), T5 (Cumberland Line)Parramatta
78%
T4 (Eastern Suburbs & Illawarra Line)Bondi Junction
77%
T1 (North Shore, Northern & Western Line)North Sydney
75%
T2 (Airport, Inner West & South Line), T3 (Bankstown Line)Circular Quay
75%
T1 (North Shore, Northern & Western Line), T2 (Airport, Inner West & South Line), T3 (Bankstown Line)Wynyard
73%
T3 (Bankstown Line)Bankstown
73%
T1 (North Shore, Northern & Western Line), T2 (Airport, Inner West & South Line)Strathfield
72%
T1 (North Shore, Northern & Western Line)Chatswood
71%
T1 (North Shore, Northern & Western Line)Hornsby
69%
T1 (North Shore, Northern & Western Line)Milsons Point
68%
T2 (Airport, Inner West & South Line), T3 (Bankstown Line)Museum
68%
T2 (Airport, Inner West & South Line)Domestic Airport
66%
T2 (Airport, Inner West & South Line)Newtown
66%
T2 (Airport, Inner West & South Line)International Airport
66%
T4 (Eastern Suburbs & Illawarra Line)Cronulla
65%
T1 (North Shore, Northern & Western Line)Penrith
65%
T2 (Airport, Inner West & South Line), T3 (Bankstown Line)St James
64%
T1 (North Shore, Northern & Western Line)Epping
63%
T7 (Olympic Park Line)Olympic Park
62%
T4 (Eastern Suburbs & Illawarra Line)Kings Cross
61%
T1 (North Shore, Northern & Western Line), T5 (Cumberland Line)Blacktown
59%
T2 (Airport, Inner West & South Line)Mascot
58%
T4 (Eastern Suburbs & Illawarra Line)Martin Place
57%
T2 (Airport, Inner West & South Line)Green Square
56%
T1 (North Shore, Northern & Western Line), T2 (Airport, Inner West & South Line)Burwood
55%
T1 (North Shore, Northern & Western Line)St Leonards
55%
T1 (North Shore, Northern & Western Line), T2 (Airport, Inner West & South Line), T3 (Bankstown Line)Lidcombe
53%
T1 (North Shore, Northern & Western Line)Macquarie Park
51%
T2 (Airport, Inner West & South Line), T5 (Cumberland Line)Campbelltown
51%
T4 (Eastern Suburbs & Illawarra Line)Sutherland
50%
T2 (Airport, Inner West & South Line)Macdonaldtown
50%
T1 (North Shore, Northern & Western Line)Macquarie University
50%
T1 (North Shore, Northern & Western Line)Berowra
50%
T4 (Eastern Suburbs & Illawarra Line)Edgecliff
50%
T2 (Airport, Inner West & South Line)Petersham
50%
T6 (Carlingford Line)Carlingford
50%
T2 (Airport, Inner West & South Line), T3 (Bankstown Line), T5 (Cumberland Line)Liverpool
50%
T1 (North Shore, Northern & Western Line)Gordon
49%
T4 (Eastern Suburbs & Illawarra Line)Hurstville
49%
T1 (North Shore, Northern & Western Line)Artarmon
48%
T1 (North Shore, Northern & Western Line)North Ryde
48%
T1 (North Shore, Northern & Western Line)Richmond
47%
T2 (Airport, Inner West & South Line)Ashfield
47%
T4 (Eastern Suburbs & Illawarra Line)Waterfall
47%
T1 (North Shore, Northern & Western Line)Emu Plains
47%
T2 (Airport, Inner West & South Line)Lewisham
47%
T1 (North Shore, Northern & Western Line)Eastwood
47%
T2 (Airport, Inner West & South Line), T4 (Eastern Suburbs & Illawarra Line)Wolli Creek
46%
T1 (North Shore, Northern & Western Line)Pennant Hills
45%
T1 (North Shore, Northern & Western Line)Wollstonecraft
45%
T2 (Airport, Inner West & South Line)Auburn
44%
T4 (Eastern Suburbs & Illawarra Line)Kogarah
44%
T2 (Airport, Inner West & South Line), T3 (Bankstown Line), T4 (Eastern Suburbs & Illawarra Line)Sydenham
44%
T2 (Airport, Inner West & South Line), T3 (Bankstown Line), T5 (Cumberland Line)Cabramatta
43%
T1 (North Shore, Northern & Western Line)Pymble
42%
T1 (North Shore, Northern & Western Line)Wahroonga
42%
T2 (Airport, Inner West & South Line)Summer Hill
41%
T1 (North Shore, Northern & Western Line)Waverton
41%
T1 (North Shore, Northern & Western Line), T2 (Airport, Inner West & South Line)Granville
41%
T1 (North Shore, Northern & Western Line)Rhodes
41%
T2 (Airport, Inner West & South Line)Stanmore
41%
T1 (North Shore, Northern & Western Line)Roseville
41%
T1 (North Shore, Northern & Western Line)Lindfield
40%
T1 (North Shore, Northern & Western Line)West Ryde
40%
T2 (Airport, Inner West & South Line)Croydon
40%
T1 (North Shore, Northern & Western Line)Waitara
40%
T1 (North Shore, Northern & Western Line)Asquith
40%
T1 (North Shore, Northern & Western Line)North Strathfield
40%
T2 (Airport, Inner West & South Line)Homebush
39%
T1 (North Shore, Northern & Western Line)Turramurra
39%
T1 (North Shore, Northern & Western Line), T6 (Carlingford Line)Clyde
38%
T4 (Eastern Suburbs & Illawarra Line)Tempe
37%
T3 (Bankstown Line)St Peters
37%
T1 (North Shore, Northern & Western Line)Beecroft
37%
T1 (North Shore, Northern & Western Line)Killara
37%
T3 (Bankstown Line)Canterbury
36%
T1 (North Shore, Northern & Western Line), T5 (Cumberland Line)Seven Hills
36%
T3 (Bankstown Line)Marrickville
36%
T1 (North Shore, Northern & Western Line), T5 (Cumberland Line)Westmead
36%
T1 (North Shore, Northern & Western Line), T5 (Cumberland Line)Harris Park
36%
T4 (Eastern Suburbs & Illawarra Line)Miranda
34%
T1 (North Shore, Northern & Western Line)Cheltenham
34%
T1 (North Shore, Northern & Western Line)Mount Colah
34%
T1 (North Shore, Northern & Western Line)Normanhurst
34%
T1 (North Shore, Northern & Western Line)Thornleigh
33%
T2 (Airport, Inner West & South Line)Revesby
32%
T2 (Airport, Inner West & South Line)Leppington
31%
T3 (Bankstown Line)Erskineville
31%
T1 (North Shore, Northern & Western Line)St Marys
31%
T4 (Eastern Suburbs & Illawarra Line)Carlton
31%
T1 (North Shore, Northern & Western Line)Concord West
31%
T1 (North Shore, Northern & Western Line)Warrawee
31%
T1 (North Shore, Northern & Western Line)Mount Druitt
31%
T2 (Airport, Inner West & South Line)Macarthur
30%
T1 (North Shore, Northern & Western Line)Mount Kuring-gai
30%
T1 (North Shore, Northern & Western Line)Denistone
30%
T1 (North Shore, Northern & Western Line)Windsor
30%
T2 (Airport, Inner West & South Line), T5 (Cumberland Line)Fairfield
30%
T3 (Bankstown Line)Dulwich Hill
29%
T2 (Airport, Inner West & South Line)Flemington
29%
T3 (Bankstown Line)Punchbowl
29%
T1 (North Shore, Northern & Western Line)Meadowbank
29%
T2 (Airport, Inner West & South Line)Kingsgrove
28%
T4 (Eastern Suburbs & Illawarra Line)Rockdale
27%
T2 (Airport, Inner West & South Line), T5 (Cumberland Line)Glenfield
26%
T2 (Airport, Inner West & South Line), T5 (Cumberland Line)Macquarie Fields
26%
T3 (Bankstown Line)Campsie
26%
T1 (North Shore, Northern & Western Line)Rooty Hill
26%
T1 (North Shore, Northern & Western Line), T5 (Cumberland Line)Toongabbie
25%
T2 (Airport, Inner West & South Line)Beverly Hills
25%
T4 (Eastern Suburbs & Illawarra Line)Oatley
25%
T4 (Eastern Suburbs & Illawarra Line)Como
25%
T3 (Bankstown Line)Lakemba
24%
T4 (Eastern Suburbs & Illawarra Line)Engadine
24%
T2 (Airport, Inner West & South Line), T5 (Cumberland Line)Minto
24%
T4 (Eastern Suburbs & Illawarra Line)Jannali
24%
T1 (North Shore, Northern & Western Line), T5 (Cumberland Line)Wentworthville
24%
T3 (Bankstown Line)Yagoona
23%
T4 (Eastern Suburbs & Illawarra Line)Banksia
23%
T4 (Eastern Suburbs & Illawarra Line)Allawah
23%
T2 (Airport, Inner West & South Line)East Hills
23%
T2 (Airport, Inner West & South Line)Padstow
23%
T4 (Eastern Suburbs & Illawarra Line)Mortdale
23%
T1 (North Shore, Northern & Western Line)Kingswood
23%
T4 (Eastern Suburbs & Illawarra Line)Arncliffe
22%
T6 (Carlingford Line)Rosehill
22%
T3 (Bankstown Line)Belmore
22%
T4 (Eastern Suburbs & Illawarra Line)Heathcote
22%
T2 (Airport, Inner West & South Line), T5 (Cumberland Line)Merrylands
22%
T1 (North Shore, Northern & Western Line), T5 (Cumberland Line)Schofields
22%
T2 (Airport, Inner West & South Line)Riverwood
22%
T2 (Airport, Inner West & South Line)Panania
22%
T1 (North Shore, Northern & Western Line)East Richmond
21%
T4 (Eastern Suburbs & Illawarra Line)Penshurst
21%
T1 (North Shore, Northern & Western Line)Doonside
21%
T4 (Eastern Suburbs & Illawarra Line)Loftus
21%
T6 (Carlingford Line)Dundas
21%
T4 (Eastern Suburbs & Illawarra Line)Gymea
20%
T4 (Eastern Suburbs & Illawarra Line)Caringbah
20%
T2 (Airport, Inner West & South Line)Holsworthy
19%
T2 (Airport, Inner West & South Line), T3 (Bankstown Line), T5 (Cumberland Line)Warwick Farm
19%
T3 (Bankstown Line)Villawood
19%
T2 (Airport, Inner West & South Line), T5 (Cumberland Line)Casula
19%
T6 (Carlingford Line)Telopea
18%
T2 (Airport, Inner West & South Line), T5 (Cumberland Line)Leumeah
18%
T2 (Airport, Inner West & South Line)Bexley North
18%
T2 (Airport, Inner West & South Line), T5 (Cumberland Line)Guildford
18%
T1 (North Shore, Northern & Western Line)Vineyard
18%
T1 (North Shore, Northern & Western Line), T5 (Cumberland Line)Quakers Hill
18%
T2 (Airport, Inner West & South Line), T5 (Cumberland Line)Yennora
18%
T4 (Eastern Suburbs & Illawarra Line)Kirrawee
18%
T3 (Bankstown Line)Birrong
17%
T3 (Bankstown Line)Berala
17%
T2 (Airport, Inner West & South Line), T5 (Cumberland Line)Canley Vale
17%
T6 (Carlingford Line)Camellia
17%
T2 (Airport, Inner West & South Line), T5 (Cumberland Line)Ingleburn
16%
T6 (Carlingford Line)Rydalmere
16%
T1 (North Shore, Northern & Western Line), T5 (Cumberland Line)Pendle Hill
16%
T3 (Bankstown Line)Hurlstone Park
16%
T3 (Bankstown Line)Regents Park
15%
T1 (North Shore, Northern & Western Line)Mulgrave
15%
T3 (Bankstown Line)Wiley Park
15%
T2 (Airport, Inner West & South Line)Turrella
14%
T2 (Airport, Inner West & South Line)Narwee
14%
T1 (North Shore, Northern & Western Line)Clarendon
14%
T4 (Eastern Suburbs & Illawarra Line)Woolooware
13%
T1 (North Shore, Northern & Western Line)Riverstone
13%
T3 (Bankstown Line)Chester Hill
12%
T3 (Bankstown Line)Sefton
11%
T1 (North Shore, Northern & Western Line), T5 (Cumberland Line)Marayong
11%
T1 (North Shore, Northern & Western Line)Werrington
10%
T2 (Airport, Inner West & South Line)Bardwell Park
10%
T3 (Bankstown Line)Leightonfield
10%
T3 (Bankstown Line)Carramar
9%

Score Distribution

Percentile by Number Answered

Percent of People with Each Score

Your Score History

You have not taken this quiz since the last reset